Introducing and Scaling up Testing for Human Papillomavirus As Part of a Comprehensive Programme for Prevention and Control of Cervical Cancer : A Step-By-step Guide.

Bibliographic Details
Format: eBook
Language:English
Published: Geneva : World Health Organization, 2020.
Edition:1st ed.
Subjects:
Online Access:Click to View
LEADER 02207nam a22003253i 4500
001 EBC31498712
003 MiAaPQ
005 20240729202206.0
006 m o d |
007 cr cnu||||||||
008 240729s2020 xx o ||||0 eng d
020 |a 9789240015166  |q (electronic bk.) 
035 |a (MiAaPQ)EBC31498712 
035 |a (Au-PeEL)EBL31498712 
040 |a MiAaPQ  |b eng  |e rda  |e pn  |c MiAaPQ  |d MiAaPQ 
245 1 0 |a Introducing and Scaling up Testing for Human Papillomavirus As Part of a Comprehensive Programme for Prevention and Control of Cervical Cancer :  |b A Step-By-step Guide. 
250 |a 1st ed. 
264 1 |a Geneva :  |b World Health Organization,  |c 2020. 
264 4 |c Ã2020. 
300 |a 1 online resource (53 pages) 
336 |a text  |b txt  |2 rdacontent 
337 |a computer  |b c  |2 rdamedia 
338 |a online resource  |b cr  |2 rdacarrier 
505 0 |a Intro -- Acknowledgements -- Acronyms and abbreviations -- Scope of the guidance -- Background -- Cervical cancer screening methodologies -- Overview of the introduction of HPV testing for cervical cancer screening -- Planning -- 1 Stakeholder engagement -- 2 Information gathering -- 4 Build delivery model -- 5 Review of screening capacity and mapping of services -- 6 Programme costing and resource mobilization -- 7 Product selection -- Implementation -- 1 Implementation roadmap -- 2 Quality management systems strengthening -- 3 Procurement process -- 4 Indicator mapping -- Monitoring and scaling -- 1 Implementation, monitoring and evaluation -- 2 Adoption of strategy. 
588 |a Description based on publisher supplied metadata and other sources. 
590 |a Electronic reproduction. Ann Arbor, Michigan : ProQuest Ebook Central, 2024. Available via World Wide Web. Access may be limited to ProQuest Ebook Central affiliated libraries.  
655 4 |a Electronic books. 
776 0 8 |i Print version:  |t Introducing and Scaling up Testing for Human Papillomavirus As Part of a Comprehensive Programme for Prevention and Control of Cervical Cancer  |d Geneva : World Health Organization,c2020 
797 2 |a ProQuest (Firm) 
856 4 0 |u https://ebookcentral.proquest.com/lib/matrademy/detail.action?docID=31498712  |z Click to View